000 00814nam a2200301 a 4500
003 AR-BaBNM
005 20251128203444.0
008 082120s2002 ||||||||||||||000 | spa||
040 _cAR-BaBNM
100 1 _aAhmann, J. Stanley
245 0 0 _aLos tests psicológicos y su empleo en la escuela
250 _a1ª ed.
260 _aBuenos Aires
_bTroquel
_c1968
300 _a140 p.
_btablas
490 0 _aBiblioteca de la nueva educación
504 _aBibliografía: p. 137
650 4 _aPSICOLOGIA EXPERIMENTAL
650 4 _aPSICOLOGIA DE LA EDUCACION
650 4 _aPSICOLOGIA INDIVIDUAL
650 4 _aPRUEBAS MENTALES
650 4 _aPSICODIAGNOSTICO
650 4 _aCOGNICION
650 4 _aAPTITUD
650 4 _aRENDIMIENTO
653 _aEVALUACION EDUCATIVA
942 _cBK
998 _cenrique
999 _c3460
_d3460